Statistics for All UFC Men's Bantamweight Champions

Click here to take the quiz!

General Stats

  • This quiz has been taken 126 times
    (59 since last reset)
  • The average score is 11 of 12

Answer Stats

Title ReignSuccessful DefensesChampion% Correct
2021-20233Aljamain Sterling
98%
2023-Present1Sean O'Malley
96%
20161Dominick Cruz
93%
2010-20122Dominick Cruz
93%
2019-20201Henry Cejudo
93%
2021-2022
(Interim)
-Petr Yan
93%
2020-20210Petr Yan
93%
2017-20191T.J. Dillashaw
91%
2014-20162T.J. Dillashaw
91%
2016-20170Cody Garbrandt
87%
20141Renan Barão
71%
2012-2014
(Interim)
2Renan Barão
71%

Score Distribution

Percentile by Number Answered

Percent of People with Each Score

Your Score History

You have not taken this quiz since the last reset